Las minas de Wanda.
Guardado en:
| Formato: | |
|---|---|
| Materias: | |
| Etiquetas: |
Agregar Etiqueta
Sin Etiquetas, Sea el primero en etiquetar este registro!
|
| LEADER | 00819ngm a22002295g 4500 | ||
|---|---|---|---|
| 001 | CEM.cems022555 | ||
| 008 | 130507b2001##################0###0#####d | ||
| 005 | 20241106180239.0 | ||
| 245 | 0 | 0 | |a Las minas de Wanda. |
| 500 | |a En soporte VHS, consultar en ventanilla. | ||
| 505 | 0 | |a Ubicación geográfica. Origen de los minerales. Distintas piedras preciosas. Modos de extracción y producción artesanal. Clasificación. | |
| 538 | |a Soporte: VHS - Norma: Pal N - Color: Si - Grabación DRD 2001 - Hitachi=3960 | ||
| 082 | 9 | 1 | |/ TUR-1 |
| 653 | |a GEOGRAFIA | ||
| 653 | |a ARGENTINA | ||
| 653 | |a MINERIA | ||
| 653 | |a WANDA | ||
| 653 | |a MINAS DE WANDA | ||
| 653 | |a PIEDRAS PRECIOSAS | ||
| 653 | |a NIVEL PRIMARIO | ||
| 653 | |a NIVEL SECUNDARIO | ||
| 859 | |a CEMS |b BIB. CEMS - Depto. Recursos Didacticos |h 918 |i TUR-1 |k DRD |p 1198.12 |t Ej.1 | ||
